000 00568nam a2200229Ia 4500
008 180620s9999 xx 000 0 und d
050 _aREF G 153.4
050 _b.S87 2011
100 _aSusan Sontag.
245 4 _aThe travel book :
245 2 _ba journey through every country in the world /
245 0 _cSontag, Susan.
260 _aLondon :
260 _bLonely Planet.,
260 _c2011
300 _a447 pages :
300 _bcolor illustrations ;
300 _c36 cm.
650 _aTravel --
650 _aTravel.
650 _xGuidebooks.
999 _c358000
_d358000